Logos de N2 - Statistiques

Statistiques générales
  • Ce quiz a été pris 287 fois
  • Le résultat moyen est 25 sur 48
Statistiques - réponses
Par images Réponse % Correct
Girondins de Bordeaux FC
85%
FC Chambly Oise
81%
Andrézieux-Bouthéon FC
75%
US Créteil Lusitanos
75%
AS Cannes
74%
GOAL FC
74%
Le Puy Foot 43
73%
Vendée Les Herbiers
70%
SC Toulon
69%
FC Fleury 91
68%
Stade Briochin
68%
US Granville
68%
Istres FC
66%
Marignane-Gignac CBFC
64%
US Avranches Mont-Saint-Michel
64%
AS Saint-Priest
63%
FC 93
60%
Jura Sud Foot
57%
Bergerac Périgord FC
56%
Blois Foot 41
54%
Bourges FC
53%
GFA Rumilly-Vallières
53%
FC Hyères
52%
Racing Club Pays de Grasse
52%
AS Beauvais Oise
51%
Étoile Fréjus-Saint-Raphaël
50%
SAS Épinal
49%
Angoulême Charente FC
48%
Stade Poitevin
47%
Voltigeurs de Châteaubriant
47%
US Thionville Lusitanos
44%
AS Furiani-Agliani
42%
Olympique Saumur
42%
Wasquehal Football
41%
FC Balagne
40%
Poiré Vendée Football
40%
US Saint-Malo
37%
Saint-Pryvé Saint-Hilaire FC
34%
US Chantilly
34%
AS Villers-Houlgate
31%
Genêts d'Anglet
31%
Dinan-Léhon FC
29%
La Roche Vendée Football
29%
Entente Feignies-Aulnoye
28%
SCS Locminé
27%
FSR Haguenau
24%
FCM Aubervilliers
20%
ASC Biesheim
18%
Aucun quiz correspondant
Distribution des résultats
% des personnes avec chaque résultat
Percentile par nombre de réponses
Votre historique - résultats
Vous n’avez pas pris ce quiz